| 000 | 01180pam a2200337 a 4500 | ||
|---|---|---|---|
| 001 | 013572503 | ||
| 003 | Uk | ||
| 005 | 20150408113953.0 | ||
| 008 | 111204s2009 enk b 001 1 eng | ||
| 015 |
_aGBA685456 _2bnb |
||
| 020 |
_a9780199292455 (pbk.) : _c£7.99 |
||
| 020 |
_a0199292450 (pbk.) : _c£7.99 |
||
| 040 |
_aStDuBDS _beng _cStDuBDS _dUk |
||
| 042 | _aukblcatcopy | ||
| 082 | 0 | 4 |
_a823.6 W M M _222 |
| 100 | 1 |
_aWollstonecraft, Mary, _d1759-1797. _97002 |
|
| 245 | 1 | 0 |
_aMary ; _band, The wrongs of woman / _cMary Wollstonecraft / edited with an introduction and notes by Gary Kelly. |
| 250 | _aRev. and corrected ed. | ||
| 260 |
_aOxford : _bOxford University Press, _c2009. |
||
| 300 |
_axli, 208 p. ; _c20 cm. |
||
| 490 | 1 | _aOxford world's classics | |
| 500 |
_aFormerly CIP. _5Uk |
||
| 504 | _aIncludes bibliographical references and index. | ||
| 655 | 7 |
_aAutobiographical fiction. _2gsafd _97003 |
|
| 655 | 0 |
_aFeminist fiction. _97004 |
|
| 700 | 1 |
_aWollstonecraft, Mary, _d1759-1797. _tWrongs of woman. _97005 |
|
| 700 | 1 |
_aKelly, Gary. _97006 |
|
| 830 | 0 |
_aOxford world's classics _96792 |
|
| 942 |
_2ddc _cDVD |
||
| 999 |
_c19193 _d253693 |
||